MDQL
is popping MORE tags! Check the
thread
!
Quizzes
Events
Quiz Creation
Community
Videos
Private Events
Remove Ads
Sign In
Join for FREE
Feedback
Dark Mode
Quiz Categories
Sports
Geography
Music
Movies
Television
Just For Fun
Miscellaneous
History
Literature
Language
Science
Gaming
Entertainment
Religion
Holiday
For Kids
Quiz Lab
Recent
Popular Today
Quiz Kudos Today
Editor Picks
Curator Picks
Quizzes by...
Day
Popularity
Type
Ratings
Length
Year
Community
Subscriptions
Recent Discussions
Orange Saloon
Badges
Playlists
Quests
Create
Leaderboards
Showdown
Live 5
Trivia Bingo
Activity
Puzzle Library
Sporcle Events
Private Events
Virtual Trivia
Globe League
Become a Host
Pub Owners
SporcleCon
Opinionation
Our Games
Videos
Blog
Mobile Apps
Partnerships
Remove Ads and Go Orange
Feedback
Geography
Country
Landmarks
City
State
Population
World
Capital
Continent
Flags
Europe
Africa
Asia
South America
North America
Oceania
Border
Canada
United Kingdom
Topography
United States
Geography
Country
Landmarks
City
State
Population
World
Capital
Continent
Flags
Europe
Africa
Asia
South America
North America
Oceania
Border
Canada
United Kingdom
Topography
United States
Random Quiz
Search Sporcle
×
Quiz Lab
Quiz Lab
Geography
Population
Type in answers that appear in a list
Type in answers that appear in a list
Classic
Best Score? Go Orange.
North Dakota's Largest Cities A-Z Stats
Can you name North Dakota's largest cities A-Z?
By
longboard
5m
24 Questions
64 Plays
64 Plays
64 Plays
Comments
Comments
Give Quiz Kudos
Give Quiz Kudos
-
- Ratings
hide this ad
Replay
Link that replays current quiz
Next Quiz
Link to next quiz in quiz playlist
You Got
0%
They Got
Avg Score
47%
Avg Friend Score
Upgrade to see
Score Distribution
Jump to the score distribution portion of the page
Score
0/24
Timer
05:00
0
Plays Today
Letter
City/Town
% Correct
B
Bismarck
93.8%
F
Fargo
92.2%
G
Grand Forks
82.8%
M
Minot
82.8%
D
Dickinson
75%
J
Jamestown
73.4%
W
West Fargo
73.4%
V
Valley City
59.4%
R
Rugby
45.3%
E
Ellendale
39.1%
O
Oakes
37.5%
C
Casselton
35.9%
Letter
City/Town
% Correct
Z
Zap
35.9%
L
Lincoln
34.4%
N
New Town
34.4%
S
Stanley
31.3%
Y
York
31.3%
A
Ashley
29.7%
U
Underwood
29.7%
H
Horace
28.1%
P
Park River
28.1%
I
Inkster
26.6%
K
Kenmare
25%
T
Tioga
23.4%
Quiz Playlist
Details
Report
Send in Message
Add To Playlist
Classic:
Type in answers that appear in a list
Quiz Source
Last Updated: Feb 16, 2017
Quiz Scoreboard
CHALLENGE
Sign Up to Join the Scoreboard
Show All
Scores
Hide
Comments
May contain spoilers
Recently Published
Find the 'City' Movie
by crazypaving
Movies
60s
5x2 Blitz: Bands
by SL_Kpop136
Music
30s
Colored Red Africa Blitz
by spor1
Geography
30s
More to Explore
Quiz From the Vault
Featured Blog Post
14 Easter Pick-up Lines to Find Eggs With
hide this ad
You Might Also Like...
Tags
City Quiz
Letter Quiz
Population Quiz
A-Z
largest
North Dakota
Town
Today's Top Quizzes in Geography
Browse Geography
hide this ad
Today's Top Quizzes in Population
Browse Population
Top Contributed Quizzes in Geography
1
Countries of the World - No Outlines Minefield
2
Colored Red Europe Blitz I
3
Colored Red Africa Blitz II
4
Colored Red Europe Blitz II
5
Colored Red Africa Blitz III
6
Colored Red Europe Blitz III
7
African Flag Reveal XLVI
8
Colored Red States Blitz I
9
Colored Red States Blitz II
10
Colored Red States Blitz III
Explore More
Trending Topics
Crossword
Disney
Kpop
NBA
Anime
Harry Potter
Marvel
The Office
WWE
NFL
Song
Pokémon
Soccer
Puzzle
Country
hide this ad
More By:
longboard
Quiz
Plays
Rating
Category
Featured
Created
Countries of the Americas A-Z
73,249
4.69
Geography
May 7, 2015
'S' African Countries
62,135
4.60
Geography
May 8, 2015
First and Last Five Countries: World
54,883
4.68
Geography
Jun 12, 2015
Island Nations A-Z
50,277
4.50
Geography
May 7, 2015
Amazon Rainforest Countries
46,850
3.88
Geography
Apr 1, 2014
Go to Creator's Profile
Score Distribution
Quiz Creator Spotlight
longboard
Follow
Send a Message
Quizzes Created
-
Created Quiz Play Count
-
More By This Creator
Popular Quizzes Today
1
Colored Red Africa Blitz
2
Find the US States - No Outlines Minefield
3
Find the 'City' Movie
4
5x2 Blitz: Bands
5
The Countries of the World
6
Find the US States
7
US States
8
9x9 Crossword: Cartoon Network
More Geography Quizzes
All about... Poland
Quiz Lab
Trending Quizzes
Colored Red Europe Blitz I
Colored Red Europe Blitz II
Colored Red Africa Blitz II
Colored Red Africa Blitz III
Colored Red Europe Blitz III
Recently Updated
Godzilla Movies
pecheneg
Grab Bag: 4-10 Letters
pecheneg
2024 March Madness Bracket
pecheneg
Famous TV Couples
Peacemaker
Champions League XIs: Real Madrid
pecheneg
Largest US Cities 1790-2010
pecheneg
Rides in Walt Disney World
pecheneg
Most Oscar Losses (Acting)
pecheneg
Beyoncé Albums
pecheneg
Leaping Animals
pecheneg
Trending Topics
Marvel
Disney
Harry Potter
Crossword
Anime
Kpop
NBA
WWE
The Office
Puzzle
Country
Pokémon
Song
NFL
Soccer
Your Account Isn't Verified!
In order to create a playlist on Sporcle, you need to verify the email address you used during registration. Go to your
Sporcle Settings
to finish the process.
Report this User
Report this user for behavior that violates our
Community Guidelines
.
Details:
Send Report
Go to the Sporcle.com Mobile Site →
Comments